Miejscowości w Polsce – nagła śmierć - Statystyki

Ogólne statystyki
  • Ten quiz został rozwiązany 374 razy
  • Średni wynik to 3 z 23
Answers on the Grid
Answers color-coded by a green-red scale on the quiz's grid according to % correct below.
Adamowice
Biała Woda
Biały Kościół
Dolsk
Frąknowo
Grodzick-Ołdaki
Jędrzejów
Karpie
Kępice
Kijów
Królewiec
Lubycza Królewska
Łyski
Międzyrzecz
Motyka
Nidzica
Pinka
Sławków
Święty Krzyż
Szklarki
Szlichtyngowa
Trzmielów
Ulim
Bereza Kartuska
Gałdów
Guślarz
Helmowy Jar
Herbiewo
Igława
Jagnięcina
Jupitki
Krusty
Lipsinko
Łuć
Lwów
Ojezusy
Opawa-Zdrój
Ostrów Mazowiecki
Pireny
Psinki
Śmitek
Stoczek Puławski
Uznam
Wilkowyje
Wodogrzmoty Małe
Wyzima
Żyżyńce
 
Statystyki odpowiedzi
Odpowiedź % Poprawnych
Nidzica ma ponad 12 tys. mieszkańców i leży w woj. warmińsko-mazurskim. Nidzica
41%
Miasto w woj. świętokrzyskim liczące około 15 tys. mieszkańców. Jędrzejów
37%
To lubuskie miasto powiatowe leży przy drodze S3. Ma około 17 tys. mieszkańców. Międzyrzecz
29%
Miasto i dawna dzielnica Dąbrowy Górniczej. Sławków
21%
W całej Polsce są 4 wsie o tej nazwie. Adamowice
19%
Miasto w pow. słupskim w woj. pomorskim. Kępice
16%
Dolnośląska wieś, około 12 km od Lubina. Trzmielów
16%
Ta wieś w woj. opolskim nosi najkrótszą nazwę ze wszystkich polskich miejscowości.
15%
Jedna taka wieś w woj. dolnośląskim i druga w woj. podlaskim. Biała Woda
13%
To miasto leży w woj. lubelskim obok granicy z woj. podkarpackim i Ukrainą. Lubycza Królewska
13%
Dwie wsie w woj. dolnośląskim i małopolskim. Biały Kościół
12%
Do 2023 najmniejsze miasto woj. lubuskiego, w powiecie wschowskim. Szlichtyngowa
12%
Wieś na granicy woj. dolnośląskiego i lubuskiego, przy DK 12. Karpie
10%
Małe miasto w odległości nieco powyżej 40 km od Poznania. Dolsk
8%
Łyski leżą 2 km od granic administracyjnych Białegostoku. Łyski
8%
Województwo warmińsko-mazurskie, przy drodze S7. Frąknowo
6%
Motyka leży w gminie Piątnica pod Łomżą (tej samej Piątnicy, z której pochodzi sławna spółdzielnia mleczarska). Motyka
6%
Wieś na granicy woj. dolnośląskiego i lubuskiego, przy DK 12. Szklarki
6%
Jest kilka wsi i osad w Polsce o tej nazwie. Królewiec
5%
Wieś na południowych przedmieściach Gorzowa Wielkopolskiego. Ulim
4%
Trzy wsie w Polsce noszą tę nazwę, w lubuskim, opolskim i śląskim. Kijów
3%
Wielkopolska wieś z tej samej gminy, co Dolsk, który pojawia się w tym quizie. Pinka
3%
Mała wieś na granicy woj. mazowieckiego i podlaskiego. Grodzick-Ołdaki
2%
Nie znaleziono quizów pasujących do podanych kryteriów
Rozkład punktacji
Procent ludzi z każdym wynikiem
Percentyl według liczby udzielonych odpowiedzi
Twoja historia wyników
Nie rozwiązałeś tego quizu